LDR 00909naa#a2200169#i#450# 001 EN\\bibl\123357 005 20260706020404.1 011 ## _a1994-4683 100 ## _a20230731b2023####ek#y0engy0150####ca 102 ## _aRU 200 1# _aTHE INFLUENCE OF THE TRP COMPLEX ON THE LEVEL OFPHYSICAL FITNESS OF APPLICANTS IN THE FIELD OF TRAINING "PHYSICAL CULTURE" _eJournal article 210 1# _aMoscow _cNational State University of Physical Education, Sports and Health named after P.F. Lesgaft _d2023 215 ## _a3 с. 608 ## _aJournal article _2local 675 ## _aСреднее специальное образование для подготовки кадров средней квалификации. Средние специальные учебные заведения. Техникумы. Училища. Художественные школы. 377.5 _z 700 #1 _aBondarenko _gV A 856 4# _auchzapiski.lesgaft.spb.ru _u